Online
Catalog
Normal view MARC view

Entry Nombre personal

Number of records used in: 37

001 - NÚMERO DE CONTROL

  • campo de control: 5673

003 - IDENTIFICADOR DEL NÚMERO DE CONTROL

  • campo de control: BNPHU

005 - FECHA Y HORA DE LA ÚLTIMA TRANSACCIÓN

  • campo de control: 20240305131245.0

008 - DATOS DE LONGITUD FIJA

  • campo de control de longitud fija: 200615|| aca||aabn | a|a d

040 ## - FUENTE DE LA CATALOGACIÓN

  • Centro catalogador/agencia de origen: DO-SdBNP
  • Lengua de catalogación: spa
  • Centro/agencia transcriptor: BNPHU
  • Normas de descripción: rda

100 1# - ENCABEZAMIENTO-NOMBRE DE PERSONA

  • Nombre de persona: Gutiérrez Félix, Euclides,
  • Fechas asociadas al nombre: 1936-

370 ## - LUGAR ASOCIADO

  • Lugar de nacimiento: Santo Domingo

372 ## - CAMPO DE ACTIVIDAD

  • Campo de actividad: Historiador, abogado, maestro, académico, investigador, periodista y dirigente político dominicano, miembro del Partido de la Liberación
  • Campo de actividad: Abogado
  • Campo de actividad: Maestro
  • Campo de actividad: Academico
  • Campo de actividad: Investigador
  • Campo de actividad: Político

375 ## - GÉNERO/SEXO

  • Género/Sexo: Masculino

377 ## - LENGUA/LENGUAJE ASOCIADO

  • Código del idioma: spa

400 1# - TRAZADO DE VÉASE--NOMBRE DE PERSONA

  • Nombre de persona: Félix, Euclides Gutiérrez
  • Fechas asociadas al nombre: 1936-

670 ## - FUENTE DE DATOS ENCONTRADOS

  • Cita de la fuente: Work cat.: (OSt)1621: Regalado, Genaro Manuel 5672, DICGLOSEG :, 2009.

670 ## - FUENTE DE DATOS ENCONTRADOS

  • Cita de la fuente: Perfil militar dominicano de Máximo Gómez, 1986

670 ## - FUENTE DE DATOS ENCONTRADOS

  • Cita de la fuente: Héroes y próceres americanos, 1995

Powered by Koha